Statistics for Portugal Immigration by Country

Click here to take the quiz!

General Stats

  • This quiz has been taken 1,099 times
    (846 since last reset)
  • The average score is 14 of 21

Answer Stats

# PeopleCountry of Origin% Correct
16 981Spain
96%
183 993Brazil
95%
24 935France
94%
46 238United Kingdom
92%
16 041Germany
85%
28 159Italy
83%
24 449Angola
81%
26 074China
81%
24 550India
77%
28 629Ukraine
64%
36 609Cape Verde
62%
10 392Netherlands
60%
30 052Romania
60%
6 381Pakistan
55%
6 745Bulgaria
46%
19 680Guinea-Bissau
45%
10 706São Tomé and Príncipe
45%
9 916Bangladesh
41%
7 741Venezuela
36%
5 183Moldova
30%
21 015Nepal
22%

Score Distribution

Percentile by Number Answered

Percent of People with Each Score

Your Score History

You have not taken this quiz since the last reset